| 000 | 00709cam a22002531 4500 | ||
|---|---|---|---|
| 001 | 14627 | ||
| 003 | BD-RjUL | ||
| 005 | 20211208235649.0 | ||
| 008 | 140206s1962 ii a 000 0 eng | ||
| 035 | _a(BD-RjUL)14680 | ||
| 035 | _a(OCoLC)3209467 | ||
| 040 |
_aDLC _cOC _dOCoLC _dUk _dBD-RjUL _beng |
||
| 041 | _aeng | ||
| 082 |
_223 _a635.0954 _bHAG 1962 |
||
| 100 | 1 |
_aHarler, Agnes Wrey, _d1901- _945600 |
|
| 245 | 1 | 4 |
_aThe garden in the plains / _cAgnes W. Harler. |
| 250 | _a4th ed. | ||
| 260 |
_aBombay : _bOxford University Press, _c1962. |
||
| 300 |
_a480 p. : _bill. ; _c22 cm. |
||
| 500 | _aIncludes index. | ||
| 650 | 0 |
_aGardening _zIndia. _945601 |
|
| 942 |
_2ddc _cBK |
||
| 999 |
_c14627 _d14627 |
||